[Event "4NCL/Div4/ATH2 vs. RICB"]
[Site "West Bromwich ENG"]
[Date "2005.11.06"]
[Round "2.1"]
[White "Gostelow, David W"]
[Black "Gaudeau, Valentin"]
[Result "0-1"]
[WhiteElo "2050"]
[BlackElo "1885"]
[PlyCount "94"]
[EventDate "2005.11.06"]
[SourceDate "2005.10.25"]

1. d4 Nf6 2. Nf3 e6 3. Bf4 b6 4. e3 Bb7 5. Be2 Be7 6. c4 Ne4 7. O-O O-O 8. Nfd2
f5 9. Nxe4 Bxe4 10. Nc3 Bb7 11. Bf3 Bxf3 12. Qxf3 Na6 13. h3 Qe8 14. a3 c6 15.
e4 g5 16. Bd2 h5 17. exf5 Rxf5 18. Qg3 Qg6 19. f4 g4 20. hxg4 hxg4 21. Rae1 Bf6
22. Qd3 Kg7 23. Ne4 Rh5 24. Bc3 Rah8 25. Kf2 Rh2 26. Re3 d5 27. cxd5 exd5 28.
Qxa6 dxe4 29. Qxa7+ Kh6 30. Qxb6 Bh4+ 31. Ke2 Rxg2+ 32. Kd1 Rf8 33. d5 Rd8 34.
Rh1 Rxd5+ 35. Kc1 Kh5 36. Be1 g3 37. Qb8 Kg4 38. Qc8+ Kxf4 39. Rc3 Bg5 40. Rxc6
Kf3+ 41. Kb1 Rd1+ 42. Ka2 Qf7+ 43. Rc4 Rd4 44. Rf1+ Rf2 45. Rxf2+ gxf2 46. Qh3+
Ke2 47. Qg4+ Kxe1 0-1

[Event "4NCL/Div4/ATH2 vs. RICB"]
[Site "West Bromwich ENG"]
[Date "2005.11.06"]
[Round "2.2"]
[White "Graham, Louis"]
[Black "Kay, Jonathan"]
[Result "0-1"]
[WhiteElo "1900"]
[BlackElo "1940"]
[PlyCount "94"]
[EventDate "2005.11.06"]
[SourceDate "2005.10.25"]

1. d4 d5 2. Nf3 Nf6 3. Bf4 Nbd7 4. e3 c6 5. c4 g6 6. Nc3 Bg7 7. Bd3 O-O 8. Ne5
dxc4 9. Bxc4 Nxe5 10. Bxe5 Qb6 11. Bb3 Bf5 12. f3 c5 13. e4 Be6 14. d5 Bd7 15.
Bf4 c4 16. Bxc4 Qxb2 17. Bd2 Nxe4 18. Nxe4 Qxa1 19. Qxa1 Bxa1 20. Bb4 Rac8 21.
Bxe7 Rfe8 22. Nd6 Rxe7+ 23. Kd2 Rxc4 24. Nxc4 Bg7 25. f4 Bb5 26. Ne3 Bd4 27.
Re1 Rxe3 28. Rxe3 Bxe3+ 29. Kxe3 Kf8 30. Kd4 Ke7 31. g4 Kd6 32. f5 Be2 33. fxg6
hxg6 34. h3 Bf3 35. a3 Bxd5 36. Ke3 g5 37. Kf2 Ke5 38. Kg3 f5 39. h4 gxh4+ 40.
Kxh4 fxg4 41. Kxg4 Kd4 42. Kf5 Kc3 43. Ke5 Bc6 44. Kd6 Kb3 45. Kc7 a5 46. Kb6
a4 47. Kc5 Kxa3 0-1

[Event "4NCL/Div4/ATH2 vs. RICB"]
[Site "West Bromwich ENG"]
[Date "2005.11.06"]
[Round "2.3"]
[White "Hylands, Liam"]
[Black "Schlesinger, Noah W"]
[Result "1-0"]
[WhiteElo "1950"]
[BlackElo "1865"]
[PlyCount "101"]
[EventDate "2005.11.06"]
[SourceDate "2005.10.25"]

1. e4 e6 2. d4 d5 3. e5 c5 4. c3 Nc6 5. Nf3 Qb6 6. Be2 cxd4 7. cxd4 Bd7 8. Nc3
Rc8 9. O-O Nge7 10. a3 Na5 11. Na4 Bxa4 12. Qxa4+ Nec6 13. b4 Nc4 14. Bxc4 dxc4
15. Be3 Qd8 16. Rfc1 a6 17. Rab1 b5 18. Qxa6 Qd7 19. Qxb5 Nb8 20. Qxd7+ Nxd7
21. Nd2 Nb6 22. Rc3 Be7 23. Rbc1 O-O 24. Nxc4 Nd5 25. R3c2 Ra8 26. Kf1 Ra6 27.
Ke2 f6 28. g3 f5 29. f4 Rb8 30. Na5 Kf7 31. Rc8 Rb5 32. R1c6 Ra7 33. Bc1 h6 34.
Nc4 Nc3+ 35. Kd3 Nd5 36. Nd6+ Bxd6 37. Rxd6 Rbb7 38. Rcc6 Re7 39. Kc4 Rac7 40.
Kb3 Rb7 41. Bd2 Rb8 42. a4 Nc7 43. b5 Ne8 44. Rb6 Rc8 45. Rdc6 Rd8 46. Bb4 Red7
47. Bc5 Nc7 48. Rd6 Nd5 49. Rxd7+ Rxd7 50. Rd6 Rb7 51. b6 1-0

[Event "4NCL/Div4/ATH2 vs. RICB"]
[Site "West Bromwich ENG"]
[Date "2005.11.06"]
[Round "2.4"]
[White "Kenyon, Scott J M"]
[Black "Aniecko, Colin"]
[Result "1-0"]
[WhiteElo "1840"]
[BlackElo "1855"]
[PlyCount "80"]
[EventDate "2005.11.06"]
[SourceDate "2005.10.25"]

1. e4 d5 2. d4 dxe4 3. Nc3 Nf6 4. f3 exf3 5. Qxf3 c6 6. Bf4 Bg4 7. Qf2 Nbd7 8.
h3 Bh5 9. g4 Bg6 10. Nf3 e6 11. Bg2 Nd5 12. Nxd5 cxd5 13. Nh4 Be7 14. Nxg6 hxg6
15. O-O O-O 16. Bg3 Rc8 17. Rae1 Nf6 18. c3 Bd6 19. Bh4 Be7 20. Qe2 a6 21. Bf3
b5 22. a3 Qd7 23. Qg2 Rce8 24. Re2 Bd6 25. Rfe1 Bb8 26. Kf2 Bc7 27. Bg5 Bd8 28.
Bf4 g5 29. Bg3 Nh7 30. Qh2 f5 31. Bd6 Rf7 32. Bxd5 fxg4+ 33. Kg1 Bc7 34. Bxe6
Bxd6 35. Bxf7+ Qxf7 36. Rxe8+ Bf8 37. hxg4 Nf6 38. Rb8 Nxg4 39. Qg3 Qh5 40.
Ree8 Kh7 1-0

[Event "4NCL/Div4/ATH2 vs. RICB"]
[Site "West Bromwich ENG"]
[Date "2005.11.06"]
[Round "2.5"]
[White "Hussain, Adrian"]
[Black "Ryan, Julian"]
[Result "1/2-1/2"]
[WhiteElo "1735"]
[BlackElo "1850"]
[PlyCount "55"]
[EventDate "2005.11.06"]
[SourceDate "2005.10.25"]

1. e4 e5 2. Nf3 Nc6 3. Bb5 a6 4. Ba4 Nf6 5. O-O Nxe4 6. Bxc6 dxc6 7. Nxe5 Be7
8. Qe2 Nf6 9. Re1 Be6 10. b3 O-O 11. Bb2 Nd5 12. a3 Bf6 13. Nc3 Re8 14. Nxd5
Bxd5 15. Qd3 Bxe5 16. Bxe5 Qg5 17. Qg3 Qxg3 18. Bxg3 Rac8 19. Bxc7 Be4 20. d3
Rxc7 21. dxe4 Rce7 22. f3 f5 23. Rad1 fxe4 24. Rxe4 Rxe4 25. fxe4 Rxe4 26. Rd8+
Kf7 27. Kf2 Re7 28. Kf3 1/2-1/2

[Event "4NCL/Div4/ATH2 vs. RICB"]
[Site "West Bromwich ENG"]
[Date "2005.11.06"]
[Round "2.6"]
[White "Glover, Robert"]
[Black "Sant, Maria"]
[Result "1-0"]
[WhiteElo "1795"]
[BlackElo "1435"]
[PlyCount "59"]
[EventDate "2005.11.06"]
[SourceDate "2005.10.25"]

1. e4 c5 2. Nf3 e6 3. d4 cxd4 4. Nxd4 Nf6 5. Bd3 Bd6 6. Nc3 Bb4 7. O-O O-O 8.
Bf4 Nc6 9. Ndb5 b6 10. Nc7 Rb8 11. Nxe6 dxe6 12. Bxb8 Nxb8 13. e5 Nfd7 14. Ne4
Nxe5 15. Bb5 Qe7 16. c3 Bc5 17. b4 Ba6 18. Bxa6 Bxf2+ 19. Nxf2 Nxa6 20. Qe2 Qg5
21. Qxa6 Nf3+ 22. Kh1 Nh4 23. Qb7 f5 24. Qc6 f4 25. Qxe6+ Rf7 26. Qg4 Qh6 27.
Rad1 f3 28. Rd8+ Rf8 29. Qc4+ Kh8 30. Rxf8# 1-0

[Event "4NCL/Div4/HAL vs. KTP"]
[Site "West Bromwich ENG"]
[Date "2005.11.06"]
[Round "2.1"]
[White "Pugh, Glyn"]
[Black "Harley Yeo, Gareth"]
[Result "1/2-1/2"]
[WhiteElo "2080"]
[BlackElo "1836"]
[PlyCount "96"]
[EventDate "2005.11.06"]
[SourceDate "2005.10.25"]

1. e4 c5 2. Nf3 Nc6 3. d4 cxd4 4. Nxd4 e6 5. Nc3 a6 6. Be3 Qc7 7. Be2 Nf6 8.
O-O Bb4 9. Bd3 Bxc3 10. bxc3 e5 11. Nf5 O-O 12. Bg5 Qd8 13. Ne3 h6 14. Bh4 g5
15. Bg3 d6 16. h4 g4 17. f3 Nh5 18. Qe1 gxf3 19. Rxf3 Ne7 20. Nf5 Nxf5 21. exf5
Nf6 22. Qe3 Ng4 23. Qe2 f6 24. Qe4 h5 25. Bc4+ Kh7 26. Rb1 Qc7 27. Bf2 Nxf2 28.
Kxf2 Ra7 29. Rg3 Bd7 30. Bd5 b5 31. Qf3 Be8 32. Rd1 Qc5+ 33. Kf1 Rg7 34. Rxg7+
Kxg7 35. Rd3 Qa3 36. Qd1 Qa4 37. Rg3+ Kh7 38. c4 bxc4 39. Rc3 Qd7 40. Be6 Qe7
41. Rxc4 Kh6 42. a4 Bf7 43. Bxf7 Rxf7 44. Rc6 Qd7 45. Qf3 a5 46. Kg1 d5 47. Rc5
Qxa4 48. Qxd5 Qxh4 1/2-1/2

[Event "4NCL/Div4/HAL vs. KTP"]
[Site "West Bromwich ENG"]
[Date "2005.11.06"]
[Round "2.2"]
[White "Carpenter, Dai"]
[Black "Tarr, Steve"]
[Result "1/2-1/2"]
[WhiteElo "1900"]
[BlackElo "1940"]
[PlyCount "91"]
[EventDate "2005.11.06"]
[SourceDate "2005.10.25"]

1. c4 Nf6 2. Nc3 e6 3. Nf3 d5 4. d4 Be7 5. Bf4 O-O 6. e3 b6 7. Bd3 c5 8. cxd5
exd5 9. Ne5 Bb7 10. Rc1 a6 11. O-O Nbd7 12. Bf5 Re8 13. Qf3 Nf8 14. dxc5 Bxc5
15. Rfd1 Qe7 16. e4 dxe4 17. Nxe4 Nxe4 18. Bxe4 Bxe4 19. Qxe4 Bd6 20. Qd5 Bxe5
21. Re1 Ng6 22. Bxe5 Rad8 23. Qb3 Nxe5 24. f4 Qd6 25. fxe5 Rxe5 26. Rxe5 Qxe5
27. Qxb6 Rb8 28. Qc5 Qe6 29. b3 h6 30. Qc4 Rd8 31. Qxe6 fxe6 32. Rc6 Rd1+ 33.
Kf2 Rd2+ 34. Kf3 Rxa2 35. Rxe6 Kf7 36. Rb6 a5 37. h4 Rb2 38. Rb5 Ra2 39. g3 a4
40. bxa4 Rxa4 41. Rb6 h5 42. Ke3 g6 43. Kf3 Ra5 44. Rc6 Rf5+ 45. Ke3 Rf1 46.
Ke4 1/2-1/2

[Event "4NCL/Div4/HAL vs. KTP"]
[Site "West Bromwich ENG"]
[Date "2005.11.06"]
[Round "2.3"]
[White "Peck, Windsor W"]
[Black "Davies, Matthew"]
[Result "1-0"]
[WhiteElo "1910"]
[BlackElo "1855"]
[PlyCount "181"]
[EventDate "2005.11.06"]
[SourceDate "2005.10.25"]

1. d4 d5 2. Nf3 Nf6 3. e3 c6 4. Bd3 Bg4 5. Nbd2 Nbd7 6. O-O e5 7. e4 dxe4 8.
Nxe4 Be7 9. Nxf6+ Bxf6 10. Be2 Bf5 11. dxe5 Nxe5 12. Nxe5 Bxe5 13. c3 O-O 14.
Be3 Qc7 15. h3 Rad8 16. Qb3 b6 17. Rad1 Qe7 18. Rxd8 Rxd8 19. Rd1 Rxd1+ 20.
Qxd1 Bc7 21. Qd4 h6 22. Bf3 Be5 23. Qd1 Qe6 24. a3 Qf6 25. Qa4 Bxh3 26. Qxa7
Qg6 27. Qa8+ Kh7 28. Qa4 b5 29. Qe4 Qxe4 30. Bxe4+ f5 31. Bxc6 Bg4 32. Bxb5 f4
33. Bd3+ Kg8 34. Bd2 Bd7 35. b4 g5 36. f3 Kf8 37. Kf2 Ke7 38. Bc2 Kd6 39. a4
Be6 40. a5 Kc6 41. Ba4+ Kb7 42. Bc2 Bc4 43. Bd1 Kc6 44. Be2 Kd5 45. b5 Kc5 46.
b6 Bd6 47. a6 Bd5 48. c4 Bc6 49. b7 Kb6 50. Bb4 Be5 51. c5+ Ka7 52. Ba5 Bd4+
53. Ke1 Bxc5 54. Bd2 Bd6 55. Bc3 h5 56. Bd4+ Kb8 57. Bd3 Bxb7 58. axb7 Kxb7 59.
Bf6 g4 60. Bg6 gxf3 61. gxf3 Kc6 62. Bxh5 Kd5 63. Bf7+ Kc5 64. Ke2 Bc7 65. Kd3
Kd6 66. Ke4 Kd7 67. Kf5 Bd6 68. Bg5 Ba3 69. Kxf4 Bb4 70. Ke5 Bd6+ 71. Kd5 Bg3
72. Bf6 Bf4 73. Bg6 Bc1 74. Bh5 Bd2 75. Bg4+ Ke8 76. Ke6 Kf8 77. Kf5 Ke8 78.
Ke6 Kf8 79. Bh5 Bc1 80. Kf5 Bd2 81. Bg5 Be1 82. Kg4 Bc3 83. f4 Bd2 84. f5 Bc3
85. Bh6+ Ke7 86. Kg5 Bd4 87. Kg6 Kd7 88. Bg7 Be3 89. f6 Ke6 90. Bg4+ Kd5 91.
Bf8 1-0

[Event "4NCL/Div4/HAL vs. KTP"]
[Site "West Bromwich ENG"]
[Date "2005.11.06"]
[Round "2.4"]
[White "Steele, Dafydd"]
[Black "Clark, Maureen"]
[Result "1-0"]
[WhiteElo "1905"]
[BlackElo "1720"]
[PlyCount "117"]
[EventDate "2005.11.06"]
[SourceDate "2005.10.25"]

1. e4 e6 2. d4 d5 3. Nc3 Bb4 4. e5 c5 5. a3 Bxc3+ 6. bxc3 Qa5 7. Bd2 cxd4 8.
cxd4 Qc7 9. f4 Ne7 10. Nf3 Nbc6 11. c3 Bd7 12. Bd3 h6 13. O-O Na5 14. a4 Nc4
15. Qe1 Nb2 16. Bc2 Qc4 17. Qb1 Nxa4 18. Qxb7 Qc6 19. Qxc6 Bxc6 20. Bxa4 Kd7
21. Rfb1 Kc7 22. Bxc6 Nxc6 23. Ne1 Rhb8 24. Nd3 Rxb1+ 25. Rxb1 Na5 26. Nc5 Kc6
27. Na6 Nb7 28. Bc1 Rc8 29. Ba3 Na5 30. Bc5 Nc4 31. Ra1 Kb7 32. Kf2 Nd2 33. Ke2
Ne4 34. Ra3 g5 35. Bb4 gxf4 36. Nc5+ Nxc5 37. Bxc5 a6 38. Kf3 Rg8 39. Ra2 h5
40. Kxf4 Rg4+ 41. Kf3 Re4 42. Rb2+ Kc7 43. Rb6 Re1 44. Rxa6 Rf1+ 45. Kg3 Rf5
46. Kh4 Rf2 47. Kxh5 Rxg2 48. h4 Rf2 49. Be7 Kb7 50. Ra1 Rf3 51. Rc1 Kc6 52.
Kh6 Kd7 53. Bf6 Rg3 54. h5 Kc6 55. Kh7 Rh3 56. h6 Rg3 57. Bg7 Kb5 58. Kg8 Kc4
59. h7 1-0

[Event "4NCL/Div4/HAL vs. KTP"]
[Site "West Bromwich ENG"]
[Date "2005.11.06"]
[Round "2.5"]
[White "McClory, Bernard H"]
[Black "Fathallah, Joe"]
[Result "1-0"]
[WhiteElo "1680"]
[BlackElo "1768"]
[PlyCount "59"]
[EventDate "2005.11.06"]
[SourceDate "2005.10.25"]

1. d4 f5 2. Bg5 Nf6 3. e3 e6 4. Nc3 d5 5. Nf3 c6 6. h3 Bd6 7. Ne5 O-O 8. Bd3
Qc7 9. f4 Ne4 10. Nxe4 fxe4 11. Bf1 Bxe5 12. fxe5 Qf7 13. Qd2 b6 14. O-O-O Ba6
15. Be2 Qf2 16. Bxa6 Nxa6 17. Qxf2 Rxf2 18. Rd2 Rf5 19. Bf4 g5 20. g4 gxf4 21.
gxf5 fxe3 22. Rg2+ Kh8 23. f6 c5 24. dxc5 Nxc5 25. Rhg1 Nd3+ 26. cxd3 Rc8+ 27.
Rc2 Rg8 28. Rxg8+ Kxg8 29. Rg2+ Kf7 30. d4 1-0

[Event "4NCL/Div4/3CS2 vs. CAMB2"]
[Site "West Bromwich ENG"]
[Date "2005.11.06"]
[Round "2.1"]
[White "James, Dale R"]
[Black "Wallden, Petros"]
[Result "0-1"]
[WhiteElo "2240"]
[BlackElo "2105"]
[PlyCount "97"]
[EventDate "2005.11.06"]
[SourceDate "2005.10.25"]

1. e4 c5 2. Nf3 Nc6 3. d4 cxd4 4. Nxd4 Nf6 5. Nc3 e6 6. a3 Qc7 7. Be3 a6 8. Be2
b5 9. O-O Bb7 10. f4 Bc5 11. Nf5 Na5 12. Nd4 Nc6 13. Nf5 Nd8 14. Nd4 Nxe4 15.
Nxe4 Bxe4 16. c3 Qb7 17. Rf2 O-O 18. Nf5 Bxe3 19. Nxe3 f5 20. Qd6 Nf7 21. Qe7
Rae8 22. Qh4 Qb6 23. Nf1 e5 24. Rd1 d5 25. Bh5 g6 26. Be2 d4 27. fxe5 dxc3 28.
bxc3 Nxe5 29. h3 Qc5 30. Qf4 Qxc3 31. Rc1 Qxa3 32. Rc7 Qd6 33. Qc1 Qb6 34. Rc5
Bd3 35. Rxe5 Bxe2 36. Qc3 Rxe5 37. Qxe5 Bc4 38. Ne3 Qf6 39. Nxc4 bxc4 40. Qd5+
Qf7 41. Qd4 Qe6 42. Rb2 Re8 43. Rb6 Qe1+ 44. Kh2 Qe5+ 45. Qxe5 Rxe5 46. Rc6 Re4
47. Rxa6 Kf7 48. Ra7+ Re7 49. Rxe7+ 0-1

[Event "4NCL/Div4/3CS2 vs. CAMB2"]
[Site "West Bromwich ENG"]
[Date "2005.11.06"]
[Round "2.2"]
[White "Churm, Rohan M"]
[Black "Jaunooby, Ali Reza"]
[Result "0-1"]
[WhiteElo "2170"]
[BlackElo "2160"]
[PlyCount "78"]
[EventDate "2005.11.06"]
[SourceDate "2005.10.25"]

1. e4 g6 2. Nc3 Bg7 3. d4 d6 4. Nf3 a6 5. Be3 Nf6 6. h3 b5 7. a3 Bb7 8. Bd3
Nbd7 9. O-O c5 10. d5 c4 11. Be2 Nc5 12. Nd2 Qc7 13. f4 O-O 14. Bf3 Nfd7 15.
Qe2 Qa5 16. Qf2 Bxc3 17. bxc3 Qxc3 18. Rfc1 Qg7 19. g4 e5 20. Bg2 f6 21. fxe5
fxe5 22. Qh4 Rf4 23. Bxf4 exf4 24. Qf2 Rf8 25. Re1 Qc3 26. Nf3 Nxe4 27. Qd4
Ndc5 28. Rad1 Qxc2 29. Nh4 Nf6 30. Rd2 Nb3 31. Rxc2 Nxd4 32. Rf2 Nb3 33. Re6
Nc5 34. Re7 Bxd5 35. Rd2 Bxg2 36. Nxg2 Nfe4 37. Rd4 f3 38. Ne3 f2+ 39. Kg2 c3
0-1

[Event "4NCL/Div4/3CS2 vs. CAMB2"]
[Site "West Bromwich ENG"]
[Date "2005.11.06"]
[Round "2.3"]
[White "Adams, Phil"]
[Black "Gooding, Ian"]
[Result "1/2-1/2"]
[WhiteElo "2150"]
[BlackElo "2100"]
[PlyCount "45"]
[EventDate "2005.11.06"]
[SourceDate "2005.10.25"]

1. e4 e6 2. d4 d5 3. exd5 exd5 4. c4 Nf6 5. Nc3 c6 6. Bd3 Be7 7. Nge2 O-O 8.
O-O dxc4 9. Bxc4 Bf5 10. Ng3 Bg6 11. f4 h5 12. f5 Bh7 13. Kh1 h4 14. Nge2 b5
15. Bb3 Nbd7 16. a3 Nb6 17. Qd3 a6 18. Qf3 Nfd5 19. Nxd5 Nxd5 20. Bd2 Qd7 21.
Rac1 Rad8 22. Ba5 Rc8 23. Bd2 1/2-1/2

[Event "4NCL/Div4/3CS2 vs. CAMB2"]
[Site "West Bromwich ENG"]
[Date "2005.11.06"]
[Round "2.4"]
[White "Low, Ying Min"]
[Black "Lysons, John"]
[Result "0-1"]
[WhiteElo "2050"]
[BlackElo "1950"]
[PlyCount "52"]
[EventDate "2005.11.06"]
[SourceDate "2005.10.25"]

1. d4 d5 2. c4 c6 3. Nf3 Nf6 4. Nc3 dxc4 5. a4 Bf5 6. Ne5 e6 7. f3 Bb4 8. Bg5
h6 9. Bxf6 Qxf6 10. Nxc4 Nd7 11. e4 Bh7 12. Qb3 a5 13. Rd1 O-O 14. Be2 Rfd8 15.
O-O Nf8 16. Nb6 Rab8 17. d5 exd5 18. exd5 Qe5 19. Nc4 Qc7 20. dxc6 bxc6 21. Qa2
Ne6 22. Ne4 Nf4 23. Rxd8+ Rxd8 24. Bd1 Qa7+ 25. Kh1 Bxe4 26. fxe4 Qf2 0-1

[Event "4NCL/Div4/3CS2 vs. CAMB2"]
[Site "West Bromwich ENG"]
[Date "2005.11.06"]
[Round "2.5"]
[White "Glover, Richard"]
[Black "Campbell, Mark"]
[Result "0-1"]
[WhiteElo "1965"]
[BlackElo "2005"]
[PlyCount "82"]
[EventDate "2005.11.06"]
[SourceDate "2005.10.25"]

1. e4 c5 2. Nf3 d6 3. Bb5+ Nd7 4. d3 Ngf6 5. c3 a6 6. Bxd7+ Bxd7 7. Nbd2 Bc6 8.
Qe2 e6 9. O-O Be7 10. Ne1 O-O 11. f4 d5 12. e5 Nd7 13. Qg4 f5 14. Qe2 Qe8 15.
Nef3 h6 16. Nb3 b6 17. Be3 Qh5 18. Qd2 Kh8 19. Nc1 Rg8 20. b4 g5 21. bxc5 bxc5
22. Nb3 d4 23. cxd4 gxf4 24. Qe2 fxe3 25. Qxe3 cxd4 26. Qe2 Bd5 27. Rac1 Rac8
28. Kh1 Bxf3 29. gxf3 Bg5 30. Rxc8 Rxc8 31. Nxd4 Nf8 32. Qg2 Bf4 33. Rg1 Qf7
34. Qh3 Be3 35. Nxf5 Bxg1 36. Qxh6+ Nh7 37. Nd6 Qxf3+ 38. Kxg1 Qg4+ 39. Kf1
Qf3+ 40. Ke1 Qh1+ 41. Kd2 Qc1+ 0-1

[Event "4NCL/Div4/3CS2 vs. CAMB2"]
[Site "West Bromwich ENG"]
[Date "2005.11.06"]
[Round "2.6"]
[White "Spencer, Carl"]
[Black "Compston, Michael"]
[Result "1-0"]
[WhiteElo "1995"]
[BlackElo "1895"]
[PlyCount "69"]
[EventDate "2005.11.06"]
[SourceDate "2005.10.25"]

1. e4 d5 2. exd5 Qxd5 3. Nf3 c6 4. d4 Bf5 5. Be2 e6 6. O-O Nf6 7. c4 Qd8 8. Nc3
Be7 9. Nh4 Bg6 10. Nxg6 hxg6 11. Be3 Qc7 12. g3 Nbd7 13. Bf3 O-O-O 14. Qa4 a6
15. b4 Nb6 16. Qb3 Rh7 17. Kg2 Nfd7 18. b5 axb5 19. cxb5 c5 20. dxc5 Nxc5 21.
Bxc5 Qxc5 22. Na4 Qd4 23. Nxb6+ Qxb6 24. a4 Rdh8 25. a5 Rxh2+ 26. Kg1 Qa7 27.
b6 Qb8 28. Rac1+ Kd8 29. Rc7 Ke8 30. Qb5+ Kf8 31. Qd7 Kg8 32. Qxe7 Qf8 33.
Qxf8+ Kxf8 34. Rxb7 f5 35. Rc1 1-0

[Event "4NCL/Div4/CHED vs. OXF2"]
[Site "West Bromwich ENG"]
[Date "2005.11.06"]
[Round "2.1"]
[White "Wallace, Paul"]
[Black "Rawlinson, Aidan"]
[Result "1/2-1/2"]
[WhiteElo "2235"]
[BlackElo "2160"]
[PlyCount "38"]
[EventDate "2005.11.06"]
[SourceDate "2005.10.25"]

1. e4 c5 2. Nf3 e6 3. d4 cxd4 4. Nxd4 Nf6 5. Bd3 Nc6 6. Be3 d5 7. Nd2 Be7 8.
O-O O-O 9. Nxc6 bxc6 10. c4 e5 11. Bg5 Be6 12. Qc2 h6 13. Bxf6 Bxf6 14. b4 Rb8
15. a3 a5 16. Rfb1 axb4 17. axb4 Qd6 18. b5 dxc4 19. Nxc4 Bxc4 1/2-1/2

[Event "4NCL/Div4/CHED vs. OXF2"]
[Site "West Bromwich ENG"]
[Date "2005.11.06"]
[Round "2.2"]
[White "Bruce, Dave"]
[Black "Shaw, Robert"]
[Result "1/2-1/2"]
[WhiteElo "2015"]
[BlackElo "2240"]
[PlyCount "44"]
[EventDate "2005.11.06"]
[SourceDate "2005.10.25"]

1. e4 e5 2. Nf3 Nc6 3. Bc4 Bc5 4. c3 Nf6 5. d3 d6 6. Nbd2 O-O 7. O-O Qe7 8. h3
Bb6 9. Re1 Be6 10. Bb3 Rad8 11. Nc4 h6 12. Nxb6 axb6 13. d4 Bxb3 14. Qxb3 Rfe8
15. d5 Na5 16. Qb5 Qd7 17. Qd3 c6 18. c4 b5 19. b3 bxc4 20. bxc4 cxd5 21. cxd5
Qa4 22. Nh4 Qd4 1/2-1/2

[Event "4NCL/Div4/CHED vs. OXF2"]
[Site "West Bromwich ENG"]
[Date "2005.11.06"]
[Round "2.3"]
[White "Acey, Gerald"]
[Black "Rawlinson, Christopher J"]
[Result "0-1"]
[WhiteElo "2140"]
[BlackElo "2055"]
[PlyCount "142"]
[EventDate "2005.11.06"]
[SourceDate "2005.10.25"]

1. Nf3 e6 2. d3 b6 3. g3 Bb7 4. Bg2 f5 5. e4 fxe4 6. Ng5 Nf6 7. Nxe4 d5 8.
Nxf6+ Qxf6 9. O-O Bc5 10. c3 Ba6 11. Bf4 Qf5 12. c4 c6 13. cxd5 cxd5 14. Qa4+
Ke7 15. Nc3 Bxd3 16. Rfe1 Bc4 17. Re5 Qd3 18. Rae1 b5 19. Qa5 Rc8 20. Rxe6+ Kf8
21. Bf1 Qf3 22. Nd1 Nc6 23. Qa6 Bxf1 24. Rxf1 Nd4 25. Bd6+ Bxd6 26. Qxd6+ Kg8
27. Nc3 Nxe6 28. Qxe6+ Kh8 29. Nxd5 Re8 30. Qc6 Rac8 31. Qxb5 Re5 32. Qd7 Rce8
33. Ne3 h6 34. Qxa7 Ra8 35. Qc7 Rb5 36. a4 Rxb2 37. Qc4 Re8 38. Qd4 Re2 39. Ng2
R8e4 40. Qd7 Re7 41. Qd8+ Re8 42. Qd7 Rb8 43. Ne3 Rbb2 44. Qc8+ Kh7 45. Qf5+
Qxf5 46. Nxf5 Ra2 47. h4 Rxa4 48. Kg2 Raa2 49. Kf3 Kg6 50. Ne3 Reb2 51. Ng2 Rb7
52. Ne3 Rf7+ 53. Kg2 Kf6 54. Rc1 Ke5 55. Rc2 Rxc2 56. Nxc2 Ke4 57. Ne3 Kd3 58.
Kf1 Rb7 59. h5 Rb5 60. g4 Ke4 61. Kg2 Kf4 62. Nf5 Rxf5 63. gxf5 Kxf5 64. Kf3
Kg5 65. Kg3 Kxh5 66. Kh3 Kg5 67. Kg3 Kf5 68. Kf3 h5 69. Kg3 g5 70. Kf3 h4 71.
Ke3 Kg4 0-1

[Event "4NCL/Div4/CHED vs. OXF2"]
[Site "West Bromwich ENG"]
[Date "2005.11.06"]
[Round "2.4"]
[White "Terry, Sean"]
[Black "Hood, Simon J"]
[Result "0-1"]
[WhiteElo "2000"]
[BlackElo "2155"]
[PlyCount "40"]
[EventDate "2005.11.06"]
[SourceDate "2005.10.25"]

1. d4 d6 2. Nf3 Nf6 3. g3 g6 4. Bg2 Bg7 5. O-O O-O 6. c3 Nbd7 7. Nbd2 c5 8. e4
Rb8 9. Re1 cxd4 10. cxd4 e5 11. d5 Nc5 12. b4 Nd3 13. Re3 Nxf2 14. Kxf2 Ng4+
15. Ke2 Nxe3 16. Kxe3 f5 17. Qb3 fxe4 18. Nxe4 Bf5 19. Nfg5 Qb6+ 20. Kd3 Qd4+
0-1

[Event "4NCL/Div4/CHED vs. OXF2"]
[Site "West Bromwich ENG"]
[Date "2005.11.06"]
[Round "2.5"]
[White "Buxton, David E"]
[Black "Morris, Graham"]
[Result "1-0"]
[WhiteElo "2110"]
[BlackElo "2025"]
[PlyCount "127"]
[EventDate "2005.11.06"]
[SourceDate "2005.10.25"]

1. d4 Nf6 2. Nf3 g6 3. g3 Bg7 4. Bg2 O-O 5. O-O d6 6. c3 c6 7. Bg5 h6 8. Bc1
Nbd7 9. Nbd2 Qc7 10. b3 Re8 11. Ba3 Nb6 12. Rc1 e5 13. dxe5 dxe5 14. c4 e4 15.
Nd4 e3 16. fxe3 Qe5 17. Nc2 Ng4 18. Nf3 Qh5 19. h3 Ne5 20. g4 Nxf3+ 21. exf3
Qh4 22. f4 f5 23. gxf5 Bxf5 24. Qe1 Qxe1 25. Rfxe1 Bc3 26. Re2 Rad8 27. e4 Bc8
28. Bb4 Rd3 29. Bxc3 Rxc3 30. Rd1 Bxh3 31. Bxh3 Rxh3 32. Kg2 Rh5 33. Rd6 Kf7
34. e5 Rf5 35. Kg3 g5 36. fxg5 hxg5 37. e6+ Ke7 38. Rd1 Rf6 39. Nd4 a6 40. Kg4
Rg8 41. Nf5+ Rxf5 42. Kxf5 g4 43. Kf4 g3 44. Rg1 g2 45. Kf3 Rg6 46. Rgxg2 Rf6+
47. Kg4 Rxe6 48. Kf5 Rxe2 49. Rxe2+ Kd6 50. Rd2+ Ke7 51. Rh2 Nd7 52. Rh6 Nf8
53. b4 Kf7 54. Ke5 Ke7 55. Kf5 Kf7 56. Rh8 Ke7 57. a3 Kf7 58. Ke4 Ke7 59. Kd4
Ne6+ 60. Ke5 Nc7 61. Rh7+ Kd8 62. Kd6 Ne8+ 63. Kc5 Nf6 64. Rxb7 1-0

[Event "4NCL/Div4/CHED vs. OXF2"]
[Site "West Bromwich ENG"]
[Date "2005.11.06"]
[Round "2.6"]
[White "Stembridge, Ed"]
[Black "Edwards, Roger J"]
[Result "0-1"]
[WhiteElo "1960"]
[BlackElo "1915"]
[PlyCount "64"]
[EventDate "2005.11.06"]
[SourceDate "2005.10.25"]

1. e4 e5 2. Nc3 d6 3. Bc4 Nf6 4. f4 Nc6 5. Nf3 Be7 6. f5 Na5 7. Be2 c5 8. d3 a6
9. a4 Bd7 10. Bg5 b5 11. axb5 axb5 12. Bxf6 Bxf6 13. b4 cxb4 14. Nd5 O-O 15. h4
Bc6 16. Nxb4 Qb6 17. g4 d5 18. Nxc6 Nxc6 19. g5 Rxa1 20. Qxa1 dxe4 21. dxe4 Be7
22. Nxe5 Nd4 23. Bd3 Qc5 24. Nd7 Nxc2+ 25. Bxc2 Qxc2 26. O-O Qxe4 27. Nxf8 Bc5+
28. Kh2 Qxh4+ 29. Kg2 Qg4+ 30. Kh2 Bd6+ 31. Kh1 Qh3+ 32. Kg1 Qh2# 0-1

[Event "4NCL/Div4/BCA vs. MONM"]
[Site "West Bromwich ENG"]
[Date "2005.11.06"]
[Round "2.1"]
[White "Mordue, A Tyson"]
[Black "Varley, Peter"]
[Result "1-0"]
[WhiteElo "2225"]
[BlackElo "2172"]
[PlyCount "101"]
[EventDate "2005.11.06"]
[SourceDate "2005.10.25"]

1. e4 e5 2. Nf3 Nc6 3. Bb5 d6 4. d4 Bd7 5. Nc3 exd4 6. Nxd4 g6 7. Be3 Bg7 8.
Qd2 Nf6 9. f3 O-O 10. Bxc6 bxc6 11. Bh6 Bxh6 12. Qxh6 Nh5 13. O-O-O Qf6 14.
Nde2 Be6 15. h4 Qg7 16. Qe3 Rfb8 17. g4 Nf6 18. Nd4 Rb6 19. h5 Nd7 20. hxg6
hxg6 21. Rh2 Nf8 22. Rdh1 Re8 23. g5 Bd7 24. f4 Rb4 25. Nde2 Bg4 26. Ng3 Qd4
27. Qxd4 Rxd4 28. Rh8+ Kg7 29. R1h7+ Nxh7 30. Rxe8 Rb4 31. Ra8 Rb7 32. a4 c5
33. Nd5 c6 34. Ne3 Bh3 35. Nc4 Rb4 36. Nxd6 Nxg5 37. fxg5 Rxa4 38. Ne8+ Kf8 39.
Nf6+ Ke7 40. Re8+ Kd6 41. e5+ Kc7 42. Re7+ Kb6 43. Rxf7 Rd4 44. Rg7 Bg4 45.
Nxg4 Rxg4 46. Ne2 Rxg5 47. Re7 c4 48. Nf4 Rg4 49. Rf7 Kc5 50. e6 Kd6 51. Rd7+
1-0

[Event "4NCL/Div4/BCA vs. MONM"]
[Site "West Bromwich ENG"]
[Date "2005.11.06"]
[Round "2.2"]
[White "Thomas, Joseff"]
[Black "Ross, Chris"]
[Result "1/2-1/2"]
[WhiteElo "2025"]
[BlackElo "2165"]
[PlyCount "38"]
[EventDate "2005.11.06"]
[SourceDate "2005.10.25"]

1. e4 c5 2. d4 cxd4 3. c3 dxc3 4. Nxc3 e6 5. Bc4 Nc6 6. Nf3 d6 7. O-O Nf6 8.
Qe2 a6 9. Rd1 Qc7 10. Bf4 e5 11. Nd5 Nxd5 12. exd5 Na5 13. Rac1 Nxc4 14. Rxc4
Qd8 15. Nxe5 Be7 16. Re4 dxe5 17. d6 O-O 18. dxe7 Qxe7 19. Rxe5 Be6 1/2-1/2